[Event "FRA-chT GpA (Women)"]
[Site "Montpellier"]
[Date "2015.05.09"]
[Round "5.1"]
[White "Nicolas, Gabrielle"]
[Black "Maisuradze, Nino"]
[Result "0-1"]
[WhiteElo "1748"]
[BlackElo "2302"]
[PlyCount "70"]
[EventDate "2015.05.07"]
[EventType "team-tourn"]
[EventRounds "7"]
[EventCountry "FRA"]
[SourceTitle "CBM 166 Extra"]
[Source "ChessBase"]
[SourceDate "2015.06.18"]
[SourceVersion "1"]
[SourceVersionDate "2015.06.18"]
[SourceQuality "1"]
[WhiteTeam "Nimes (W)"]
[BlackTeam "Bischwiller (W)"]
[WhiteTeamCountry "FRA"]
[BlackTeamCountry "FRA"]

1. d4 Nf6 2. Nf3 e6 3. e3 c5 4. Bd3 b6 5. Nbd2 Bb7 6. b3 Be7 7. Bb2 Nc6 8. a3 Qc7 9. 0-0 0-0 10. Rc1 Rad8 11. Qe2 d5 12. Ne5 Bd6 13. f4 Ne7 14. g4 Ne4 15. Bxe4 dxe4 16. Nec4 cxd4 17. Nxd6 Qxd6 18. Bxd4 Nc6 19. Bc3 Qxa3 20. Nxe4 Ba6 21. Bb2 Bxe2 22. Bxa3 Bxf1 23. Bxf8 Be2 24. Ba3 Bxg4 25. Kg2 Rd1 26. Nf2 Rxc1 27. Bxc1 Bf5 28. e4 Bg6 29. Be3 f6 30. c3 Na5 31. b4 Nc4 32. Bc1 a5 33. bxa5 bxa5 34. Kf3 Bh5+ 35. Kg2 Be2 0-1

[Event "Salon de Provence op 5th"]
[Site "Salon de Provence"]
[Date "2014.07.12"]
[Round "8"]
[White "Legrand, Vincent"]
[Black "Nicolas, Gabrielle"]
[Result "1/2-1/2"]
[WhiteElo "1833"]
[BlackElo "1732"]
[PlyCount "100"]
[EventDate "2014.07.05"]
[EventType "swiss"]
[EventRounds "9"]
[EventCountry "FRA"]
[SourceTitle "EXT 2015"]
[Source "ChessBase"]
[SourceDate "2014.11.20"]
[SourceVersion "1"]
[SourceVersionDate "2014.11.20"]
[SourceQuality "1"]

1. e4 e6 2. d4 d5 3. e5 c5 4. Nf3 Nc6 5. Bd3 cxd4 6. 0-0 f6 7. exf6 Nxf6 8. Bf4 Bd6 9. Bxd6 Qxd6 10. Re1 0-0 11. Bb5 Rb8 12. Nbd2 Re8 13. Bxc6 bxc6 14. Ne5 c5 15. b3 Ba6 16. Ndf3 Ne4 17. Qc1 Rf8 18. Qa3 Rb6 19. Qa4 Rb4 20. Qd7 Qxd7 21. Nxd7 Re8 22. Nfe5 Bc8 23. f3 Bxd7 24. Nxd7 Rb7 25. Ne5 Nd6 26. Rad1 Rc7 27. Nd3 Nf5 28. Re5 Kf7 29. f4 Ne3 30. Rd2 a5 31. Nf2 Ra8 32. Nd1 Nxd1 33. Rxd1 a4 34. f5 exf5 35. Rxf5+ Ke6 36. Rf2 g6 37. Re1+ Kd6 38. Rfe2 Rf7 39. Re6+ Kd7 40. Rb6 Re8 41. Rxe8 Kxe8 42. Rc6 axb3 43. axb3 c4 44. bxc4 dxc4 45. Rxc4 Rd7 46. Kf2 d3 47. cxd3 Rxd3 48. Rc7 h5 49. Ra7 Rd6 50. Kg3 Kf8 1/2-1/2

[Event "FRA-ch op-C"]
[Site "Nancy"]
[Date "2013.08.17"]
[Round "6"]
[White "Quelennec, Amelie"]
[Black "Nicolas, Gabrielle"]
[Result "1/2-1/2"]
[WhiteElo "1700"]
[BlackElo "1671"]
[PlyCount "38"]
[EventDate "2013.08.11"]
[EventType "swiss"]
[EventRounds "11"]
[EventCountry "FRA"]
[SourceTitle "CBM 156 Extra"]
[Source "ChessBase"]
[SourceDate "2013.10.22"]
[SourceVersion "1"]
[SourceVersionDate "2013.10.22"]
[SourceQuality "1"]

1. b3 d5 2. Bb2 c5 3. e3 Nf6 4. f4 e6 5. Nf3 Nc6 6. Bb5 Bd6 7. 0-0 0-0 8. Bxc6 bxc6 9. Ne5 Qc7 10. d3 Ba6 11. Nd2 Nd7 12. Ndf3 Rad8 13. Qd2 Qb6 14. Kh1 h6 15. Rad1 Qc7 16. Qf2 Qb6 17. Qd2 Qc7 18. Qf2 Qb6 19. Qd2 Qc7 1/2-1/2

[Event "FRA-ch U16 Girls"]
[Site "Saint Paul Trois Chateaux"]
[Date "2013.05.01"]
[Round "4"]
[White "Sauve, Anne Charlotte"]
[Black "Nicolas, Gabrielle"]
[Result "0-1"]
[WhiteElo "1800"]
[BlackElo "1647"]
[PlyCount "160"]
[EventDate "2013.04.28"]
[EventType "swiss"]
[EventRounds "9"]
[EventCountry "FRA"]
[SourceTitle "CBM 154 Extra"]
[Source "ChessBase"]
[SourceDate "2013.06.25"]
[SourceVersion "2"]
[SourceVersionDate "2013.06.25"]
[SourceQuality "1"]

1. e4 d5 2. Nf3 Bg4 3. exd5 Qxd5 4. Nc3 Qd6 5. d4 Nf6 6. h3 Bh5 7. Be3 a6 8. Be2 Nc6 9. Qd2 0-0-0 10. 0-0-0 e6 11. Kb1 Be7 12. g4 Bg6 13. Bf4 Qd7 14. Bc4 Ne4 15. Qe3 Nxc3+ 16. Qxc3 Bb4 17. Qe3 Rhe8 18. Be2 Qd5 19. Ne5 Nxe5 20. Bxe5 f6 21. Bf4 Bd6 22. Bxd6 Rxd6 23. Rhe1 Red8 24. Bd3 Qxd4 25. Qxd4 Rxd4 26. Rxe6 Bxd3 27. Rxd3 Rxd3 28. cxd3 Rxd3 29. Re3 Rd5 30. Kc2 Kd7 31. Kc3 Rd1 32. a3 b6 33. h4 c6 34. h5 g6 35. hxg6 hxg6 36. f3 Rd5 37. Kc2 f5 38. gxf5 Rxf5 39. Kd3 Kd6 40. Kc2 c5 41. Rb3 b5 42. Kd2 g5 43. Ke2 Rf4 44. Kf2 Kd5 45. Ke2 Kc6 46. Re3 Kd6 47. Rb3 Kd5 48. Rd3+ Rd4 49. Rb3 b4 50. axb4 Rxb4 51. Rd3+ Kc4 52. Rc3+ Kb5 53. Rc2 Rb3 54. Kf2 a5 55. Kg3 Rb4 56. Kh3 a4 57. Kg3 Rd4 58. Re2 Kc4 59. Rc2+ Kb4 60. Re2 Rd5 61. Kg4 c4 62. f4 gxf4 63. Kxf4 Rd8 64. Kf3 Kb3 65. Kf2 Rd1 66. Ke3 Rb1 67. Kd4 Rxb2 68. Re3+ Kb4 69. Re8 Rd2+ 70. Ke3 Rd3+ 71. Ke2 a3 72. Rb8+ Kc3 73. Ra8 Rd2+ 74. Ke3 Rd3+ 75. Ke2 Kc2 76. Ra4 Rc3 77. Ke1 Kb2 78. Kd2 Rc2+ 79. Kd1 Rc1+ 80. Kd2 c3+ 0-1

[Event "FRA-ch U16 Girls"]
[Site "Saint Paul Trois Chateaux"]
[Date "2013.04.30"]
[Round "3"]
[White "Nicolas, Gabrielle"]
[Black "Rouffignac, Marie"]
[Result "1/2-1/2"]
[WhiteElo "1647"]
[BlackElo "1769"]
[PlyCount "100"]
[EventDate "2013.04.28"]
[EventType "swiss"]
[EventRounds "9"]
[EventCountry "FRA"]
[SourceTitle "CBM 154 Extra"]
[Source "ChessBase"]
[SourceDate "2013.06.25"]
[SourceVersion "2"]
[SourceVersionDate "2013.06.25"]
[SourceQuality "1"]

1. d4 Nf6 2. Nf3 g6 3. Bg5 Bg7 4. Nbd2 d5 5. c3 0-0 6. e3 Be6 7. Bd3 Nbd7 8. h3 c5 9. 0-0 Rc8 10. e4 dxe4 11. Nxe4 cxd4 12. Nxd4 Bd5 13. Re1 Bxe4 14. Bxe4 Nxe4 15. Rxe4 Nf6 16. Re1 Qa5 17. Bh4 e6 18. Qb3 Nd5 19. Rad1 h6 20. Bg3 Qb6 21. Qxb6 axb6 22. a3 Rfd8 23. Nb5 Rd7 24. Rd2 Rcd8 25. Red1 Bf8 26. c4 Nf6 27. Rxd7 Rxd7 28. Rxd7 Nxd7 29. Bd6 Bg7 30. b3 f5 31. Bc7 Bf8 32. b4 Kf7 33. Kf1 e5 34. Nc3 Ke6 35. Na4 b5 36. cxb5 Kd5 37. Nb2 e4 38. a4 Bxb4 39. Ke2 Nc5 40. a5 Nb3 41. a6 bxa6 42. bxa6 Kc6 43. a7 Kb7 44. Bb6 Bc5 45. Nc4 Bxb6 46. Nxb6 Kxa7 47. Nc8+ Kb7 48. Ne7 Kc7 49. Nxg6 Kd6 50. Ke3 Ke6 1/2-1/2

[Event "Vergeze Gard-chC"]
[Site "Vergeze"]
[Date "2012.05.17"]
[Round "2"]
[White "Dehaine, Guy"]
[Black "Nicolas, Gabrielle"]
[Result "0-1"]
[WhiteElo "1648"]
[BlackElo "1614"]
[PlyCount "62"]
[EventDate "2012.05.17"]
[EventType "tourn"]
[EventRounds "7"]
[EventCountry "FRA"]
[SourceTitle "EXT 2013"]
[Source "ChessBase"]
[SourceDate "2012.11.22"]
[SourceVersion "1"]
[SourceVersionDate "2012.11.22"]
[SourceQuality "1"]

1. c4 e5 2. Nc3 Nf6 3. g3 Bb4 4. Qc2 0-0 5. Nf3 Re8 6. Bg2 c6 7. 0-0 d5 8. d3 h6 9. e3 Bf5 10. e4 dxe4 11. dxe4 Bg6 12. Nh4 Bh7 13. Bd2 Nbd7 14. Rad1 Qc7 15. f4 Qb6+ 16. Kh1 Ng4 17. Bc1 Nc5 18. f5 Rad8 19. Qe2 Nf6 20. Qf3 Bxc3 21. Rxd8 Rxd8 22. Qxc3 Ncxe4 23. Bxe4 Nxe4 24. Qf3 Nd2 25. Bxd2 Rxd2 26. Qc3 Qxb2 27. Qa5 Bxf5 28. Qxa7 Be4+ 29. Kg1 Rg2+ 30. Kh1 Rxh2+ 31. Kg1 Rh1# 0-1

[Event "FRA-ch U14 Girls"]
[Site "Nimes"]
[Date "2012.04.20"]
[Round "8"]
[White "Banat, Rizlene"]
[Black "Nicolas, Gabrielle"]
[Result "1-0"]
[WhiteElo "1731"]
[BlackElo "1607"]
[PlyCount "79"]
[EventDate "2012.04.14"]
[EventType "swiss"]
[EventRounds "9"]
[EventCountry "FRA"]
[SourceTitle "CBM 148 Extra"]
[Source "ChessBase"]
[SourceDate "2012.06.22"]
[SourceVersion "1"]
[SourceVersionDate "2012.06.22"]
[SourceQuality "1"]

1. e4 d5 2. exd5 Qxd5 3. Nc3 Qa5 4. d4 Nf6 5. Bd2 c6 6. Bd3 Nbd7 7. Nge2 e6 8. 0-0 Qc7 9. Bf4 Bd6 10. Bxd6 Qxd6 11. h3 0-0 12. Ng3 b6 13. Qf3 Bb7 14. Rad1 Qc7 15. Qe2 c5 16. Be4 Rfd8 17. d5 Nxe4 18. Ngxe4 Qe5 19. f4 Qf5 20. Nd6 Ba6 21. Qxa6 Qxc2 22. dxe6 fxe6 23. Nb7 Qxb2 24. Nxd8 Rxd8 25. Qc4 Kf8 26. Rf2 Qb4 27. Qxb4 cxb4 28. Nb5 a5 29. Rfd2 Ke7 30. Rd6 a4 31. Na7 Ke8 32. Rxe6+ Kf7 33. f5 b3 34. axb3 axb3 35. Nc6 Ra8 36. Rxd7+ Kf8 37. Rd8+ Rxd8 38. Nxd8 b5 39. Rb6 Ke7 40. Nb7 1-0

[Event "FRA-ch U14 Girls"]
[Site "Nimes"]
[Date "2012.04.18"]
[Round "6"]
[White "Duffaud, Celia"]
[Black "Nicolas, Gabrielle"]
[Result "0-1"]
[WhiteElo "1480"]
[BlackElo "1607"]
[PlyCount "86"]
[EventDate "2012.04.14"]
[EventType "swiss"]
[EventRounds "9"]
[EventCountry "FRA"]
[SourceTitle "CBM 148 Extra"]
[Source "ChessBase"]
[SourceDate "2012.06.22"]
[SourceVersion "1"]
[SourceVersionDate "2012.06.22"]
[SourceQuality "1"]

1. e4 d5 2. exd5 Qxd5 3. Nc3 Qa5 4. Nf3 Nf6 5. Bd3 Nc6 6. 0-0 Bg4 7. Bb5 Qb6 8. Bxc6+ Qxc6 9. d4 Bxf3 10. Qxf3 Qxf3 11. gxf3 0-0-0 12. Ne2 g5 13. Kh1 h6 14. c4 Bg7 15. d5 Nd7 16. Nc3 Nb6 17. Re1 Rhe8 18. Rd1 Nxc4 19. Na4 e6 20. Rb1 Rxd5 21. Be3 Red8 22. Rxd5 Rxd5 23. Bxa7 b6 24. Rc1 b5 25. b3 bxa4 26. Rxc4 axb3 27. axb3 Rd3 28. Bb6 Be5 29. b4 Rxf3 30. Kg2 Rb3 31. Bc5 Kd7 32. h4 Ke8 33. hxg5 hxg5 34. Be3 f6 35. f4 Bd6 36. Bc5 Bxf4 37. Bd4 f5 38. Bc3 Bd6 39. Rc6 Kd7 40. Rc4 e5 41. Kf2 g4 42. Bd2 g3+ 43. Kg2 Rb2 0-1

[Event "FRA-ch U14 Girls"]
[Site "Montlucon"]
[Date "2011.04.21"]
[Round "6"]
[White "Nicolas, Gabrielle"]
[Black "Saliou, Sarah"]
[Result "1-0"]
[WhiteElo "1580"]
[BlackElo "1640"]
[PlyCount "51"]
[EventDate "2011.04.17"]
[EventType "swiss"]
[EventRounds "9"]
[EventCountry "FRA"]
[SourceTitle "CBM 142 Extra"]
[Source "ChessBase"]
[SourceDate "2011.06.27"]
[SourceVersion "1"]
[SourceVersionDate "2011.06.27"]
[SourceQuality "1"]

1. d4 d5 2. c4 e5 3. e3 e4 4. Nc3 Nf6 5. Nge2 Nc6 6. Nf4 Bb4 7. Qb3 Be6 8. Be2 dxc4 9. Bxc4 Bxc4 10. Qxc4 Qe7 11. 0-0 0-0 12. Bd2 Na5 13. Qb5 a6 14. Qf5 Nc4 15. Nfd5 Nxd5 16. Nxd5 Qh4 17. Bxb4 Nd6 18. Bxd6 cxd6 19. Rac1 b6 20. Rc7 Rab8 21. Rfc1 g6 22. Qf6 Qxf6 23. Nxf6+ Kg7 24. Nd7 Rfd8 25. Nxb8 Rxb8 26. Rd7 1-0

[Event "FRA-ch U14 Girls"]
[Site "Montlucon"]
[Date "2011.04.20"]
[Round "5"]
[White "Joudelat, Noemie"]
[Black "Nicolas, Gabrielle"]
[Result "0-1"]
[WhiteElo "1732"]
[BlackElo "1580"]
[PlyCount "70"]
[EventDate "2011.04.17"]
[EventType "swiss"]
[EventRounds "9"]
[EventCountry "FRA"]
[SourceTitle "CBM 142 Extra"]
[Source "ChessBase"]
[SourceDate "2011.06.27"]
[SourceVersion "1"]
[SourceVersionDate "2011.06.27"]
[SourceQuality "1"]

1. e4 d5 2. exd5 Qxd5 3. Nc3 Qa5 4. d4 Nf6 5. Nf3 Bg4 6. Be2 e6 7. a3 Nbd7 8. Nd2 Bh5 9. g4 Bg6 10. Nc4 Qa6 11. f3 Qc6 12. Rg1 a6 13. h4 h6 14. h5 Bh7 15. Na5 Qb6 16. b4 0-0-0 17. Be3 e5 18. Nc4 Qe6 19. d5 Qe7 20. Bd3 e4 21. Be2 b5 22. Na5 exf3 23. Qd4 Qe5 24. Qxe5 Nxe5 25. Bf1 Nfxg4 26. Bh3 Bf5 27. Bd4 f2+ 28. Bxf2 Nf3+ 29. Kf1 Nxg1 30. Kxg1 g6 31. Bd4 Rg8 32. hxg6 Rxg6 33. Nc6 Rdd6 34. Ne5 Nxe5+ 35. Kh2 Nf3+ 0-1

[Event "FRA-ch U12 Girls"]
[Site "Troyes"]
[Date "2010.04.17"]
[Round "8"]
[White "Nicolas, Gabrielle"]
[Black "Thomas, Apolline"]
[Result "0-1"]
[WhiteElo "1420"]
[BlackElo "1600"]
[PlyCount "140"]
[EventDate "2010.04.11"]
[EventType "swiss"]
[EventRounds "9"]
[EventCountry "FRA"]
[SourceTitle "EXT 2012"]
[Source "ChessBase"]
[SourceDate "2011.11.24"]
[SourceVersion "1"]
[SourceVersionDate "2011.11.24"]
[SourceQuality "1"]

1. d4 d5 2. Nf3 c5 3. c3 Nc6 4. e3 Bg4 5. Nbd2 e6 6. Bb5 cxd4 7. exd4 Nf6 8. 0-0 Bd6 9. b3 0-0 10. Bb2 Qc7 11. h3 Bh5 12. Re1 a6 13. Bxc6 Qxc6 14. Rc1 Ne4 15. Rc2 Bf4 16. Qb1 Nxd2 17. Nxd2 Bg6 18. Nf3 Bxc2 19. Qxc2 h6 20. Ne5 Bxe5 21. Rxe5 Qd6 22. Qc1 Rfc8 23. Qe3 Qe7 24. Qg3 Qf6 25. Rh5 Qg6 26. Qxg6 fxg6 27. Re5 Rc6 28. Kh2 Rf8 29. Kg3 Rf5 30. Rxf5 gxf5 31. Kf4 Kf7 32. f3 b5 33. a3 a5 34. Ke3 Kg6 35. g3 h5 36. h4 Kh6 37. f4 Rb6 38. Kd3 Kg6 39. Kd2 Kf7 40. Kd3 Rb8 41. Ke3 b4 42. cxb4 axb4 43. a4 Ke8 44. Kd3 Rc8 45. Kd2 Kd7 46. Kd3 Rf8 47. Ke3 Kd6 48. Ba1 Rc8 49. Kd2 Rc6 50. Bb2 Ke7 51. Ba1 e5 52. dxe5 Rg6 53. Bd4 Rxg3 54. Bc5+ Ke6 55. Bxb4 Rxb3 56. Bf8 g6 57. Kc2 Rf3 58. a5 Rxf4 59. Kb3 Rxh4 60. a6 Rc4 61. a7 Rc8 62. Bc5 Ra8 63. Ka4 Kxe5 64. Ka5 h4 65. Ka6 h3 66. Bg1 Rxa7+ 67. Kxa7 g5 68. Kb6 g4 69. Bh2+ Ke4 70. Kc5 f4 0-1